Đồ họa kỹ thuật Tập 1

Gồm 2 phần. Ph.1: Hình học họa hình; Ph.2: Vẽ kỹ thuật cơ bản

Gespeichert in:
Bibliographische Detailangaben
1. Verfasser: Hoàng Long
Format: Buch
Sprache:Undetermined
Veröffentlicht: H. Bách khoa Hà Nội 2016
Schlagworte:
Online Zugang:http://lrc.tdmu.edu.vn/opac/search/detail.asp?aID=2&ID=29079
Tags: Tag hinzufügen
Keine Tags, Fügen Sie den ersten Tag hinzu!
Thư viện lưu trữ: Trung tâm Học liệu Trường Đại học Thủ Dầu Một
LEADER 00773nam a2200229Ia 4500
001 TDMU_29079
008 210410s9999 xx 000 0 und d
082 |a 661 
090 |b H407 
100 |a Hoàng Long 
245 0 |a Đồ họa kỹ thuật 
245 0 |c Hoàng Long 
245 0 |n Tập 1 
245 0 |p Hình học họa hình và vẽ kỹ thuật cơ bản 
260 |a H. 
260 |b Bách khoa Hà Nội 
260 |c 2016 
300 |a 134tr. 
520 |a Gồm 2 phần. Ph.1: Hình học họa hình; Ph.2: Vẽ kỹ thuật cơ bản 
650 |a Đồ họa kĩ thuật 
856 |u http://lrc.tdmu.edu.vn/opac/search/detail.asp?aID=2&ID=29079 
980 |a Trung tâm Học liệu Trường Đại học Thủ Dầu Một